History Quiz

Random History or Blitz Quiz
Score 0/45 Timer 00:15
22 Plays Today
U.S. President % Correct
John F. Kennedy
90.8%
George Washington
90.2%
Lyndon B. Johnson
89.8%
John Adams
89.7%
Richard Nixon
89.5%
Gerald Ford
89.1%
John Quincy Adams
88.1%
James Monroe
88.1%
Jimmy Carter
87.6%
Bill Clinton
87.6%
Ronald Reagan
87.6%
George H. W. Bush
87.6%
Thomas Jefferson
87.5%
James Madison
87.4%
George W. Bush
86.6%
Calvin Coolidge
86.4%
Andrew Jackson
86.2%
Harry S. Truman
86.2%
Dwight D. Eisenhower
86.2%
Herbert Hoover
85.6%
Abraham Lincoln
85.5%
James Buchanan
85.2%
John Tyler
85.2%
U.S. President % Correct
James K. Polk
85.2%
Martin Van Buren
84.9%
William H. Harrison
84.9%
Donald Trump
84%
Barack Obama
83.9%
Franklin D. Roosevelt
83.8%
Woodrow Wilson
79.9%
Warren G. Harding
79.8%
Ulysses S. Grant
76.8%
Franklin Pierce
76.5%
Zachary Taylor
76.1%
William H. Taft
75.9%
Millard Fillmore
75.2%
Chester A. Arthur
74.7%
Andrew Johnson
74.5%
Grover Cleveland
74.3%
Rutherford B. Hayes
74%
James Garfield
74%
Benjamin Harrison
73.3%
Theodore Roosevelt
72.6%
Grover Cleveland
72.4%
William McKinley
71.9%
Remove Ads.
Support Sporcle.
Get the best of Sporcle when you Go Orange. This ad-free experience offers more features, more stats, and more fun while also helping to support Sporcle. Thank you for becoming a member.

You're not logged in!

Compare scores with friends on all Sporcle quizzes.
OR
Log In

Show Comments

Extras

Top Quizzes Today


Score Distribution

Your Account Isn't Verified!

In order to create a playlist on Sporcle, you need to verify the email address you used during registration. Go to your Sporcle Settings to finish the process.

Report this User

Report this user for behavior that violates our Community Guidelines.

Details: